Synopsis of the books of the Bible / (Record no. 1687)
[ view plain ]
| 000 -LEADER | |
|---|---|
| fixed length control field | 01101cam a2200325Ia 4500 |
| 001 - CONTROL NUMBER | |
| control field | 238465 |
| 003 - CONTROL NUMBER IDENTIFIER | |
| control field | GBCCL |
| 005 - DATE AND TIME OF LATEST TRANSACTION | |
| control field | 20241126110407.0 |
| 008 - FIXED-LENGTH DATA ELEMENTS--GENERAL INFORMATION | |
| fixed length control field | 931111s1970 pau 000 0 eng d |
| 035 ## - SYSTEM CONTROL NUMBER | |
| System control number | (OCoLC)ocm29302404 |
| 035 ## - SYSTEM CONTROL NUMBER | |
| System control number | (OCoLC)29302404 |
| 040 ## - CATALOGING SOURCE | |
| Original cataloging agency | BSC |
| Language of cataloging | eng |
| Transcribing agency | BSC |
| Modifying agency | OCL |
| -- | OCLCQ |
| -- | OCLCG |
| -- | OCLCQ |
| -- | OCLCO |
| 041 1# - | |
| -- | eng |
| -- | fre |
| 049 ## - | |
| -- | LBBT |
| -- | 1-5 |
| -- | LBBK |
| -- | 1-5 |
| 050 #4 - | |
| -- | BS 418 |
| -- | .D3 1970 |
| 082 ## - DEWEY DECIMAL CLASSIFICATION NUMBER | |
| Classification number | 220.7 |
| Item number | DAR |
| 090 ## - LOCALLY ASSIGNED LC-TYPE CALL NUMBER (OCLC); LOCAL CALL NUMBER (RLIN) | |
| Classification number (OCLC) (R) ; Classification number, CALL (RLIN) (NR) | BS 418 |
| Local cutter number (OCLC) ; Book number/undivided call number, CALL (RLIN) | .D3 1970 |
| 092 ## - LOCALLY ASSIGNED DEWEY CALL NUMBER (OCLC) | |
| Classification number | 220 |
| Item number | D213s, 1970 |
| 100 1# - MAIN ENTRY--PERSONAL NAME | |
| Personal name | Darby, J. N. |
| Fuller form of name | (John Nelson), |
| Dates associated with a name | 1800-1882. |
| 9 (RLIN) | 515 |
| 245 10 - TITLE STATEMENT | |
| Title | Synopsis of the books of the Bible / |
| Statement of responsibility, etc. | J.N. Darby. |
| 260 ## - PUBLICATION, DISTRIBUTION, ETC. | |
| Place of publication, distribution, etc. | Sunbury, Pa. : |
| Name of publisher, distributor, etc. | Believers Bookshelf, |
| Date of publication, distribution, etc. | 1970. |
| 300 ## - PHYSICAL DESCRIPTION | |
| Extent | 5 volumes ; |
| Dimensions | 18 cm |
| 336 ## - CONTENT TYPE | |
| Content type term | text |
| Content type code | txt |
| Source | rdacontent |
| 337 ## - MEDIA TYPE | |
| Media type term | unmediated |
| Media type code | n |
| Source | rdamedia |
| 338 ## - CARRIER TYPE | |
| Carrier type term | volume |
| Carrier type code | nc |
| Source | rdacarrier |
| 500 ## - GENERAL NOTE | |
| General note | Printed in the Netherlands. |
| 505 0# - FORMATTED CONTENTS NOTE | |
| Formatted contents note | v. 1. Genesis-II Chronicles -- v. 2. Ezra-Malachi -- v. 3. Matthew-John -- v. 4. Acts-Philippians -- v. 5. Colossians-The Revelation. |
| 630 00 - SUBJECT ADDED ENTRY--UNIFORM TITLE | |
| Uniform title | Bible |
| Form subdivision | Outlines, syllabi, etc. |
| 9 (RLIN) | 3463 |
| 942 ## - ADDED ENTRY ELEMENTS (KOHA) | |
| Source of classification or shelving scheme | Dewey Decimal Classification |
| Koha item type | Books |
| Withdrawn status | Lost status | Source of classification or shelving scheme | Damaged status | Not for loan | Home library | Current Library | Shelving location | Date acquired | Total checkouts | Full call number | Barcode | Date last seen | Copy number | Price effective from | Koha item type |
|---|---|---|---|---|---|---|---|---|---|---|---|---|---|---|---|
| Dewey Decimal Classification | GRACE BIBLE COLLEGE | GRACE BIBLE COLLEGE | Biblical Studies | 2017-05-11 | 220.7 DAR | 013359 | 2025-05-01 | v.4 | 2017-05-11 | Books | |||||
| Dewey Decimal Classification | GRACE BIBLE COLLEGE | GRACE BIBLE COLLEGE | Biblical Studies | 2018-09-04 | 220.7 DAR | 005164 | 2025-05-01 | v.3 | 2018-09-04 | Books |